000
00320nam a2200133Ia 4500
008
180730s9999||||xx |||||||||||||| ||und||
020
_a
9788189915681
082
_a
368
_b
ALI/I
100
_a
Ali, Dr. Sajid
245
0
_a
Insurance in India
260
_a
New Delhi
_b
Regal Publications
_c
2007
300
_a
160
942
_c
BK
999
_c
1832
_d
1832